|
|
|
|
| LEADER |
00000naa2a2200000 4500 |
| 001 |
195468 |
| 005 |
20231031182841.0 |
| 035 |
|
|
|a (RuTPU)RU\TPU\book\213247
|
| 035 |
|
|
|a RU\TPU\book\213245
|
| 090 |
|
|
|a 195468
|
| 100 |
|
|
|a 20110510d1964 k y0rusy50 ca
|
| 101 |
0 |
|
|a rus
|
| 102 |
|
|
|a RU
|
| 200 |
1 |
|
|a Влияние моносульфита на блокирование сахаров сульфитного щелока
|f С. А. Сапотницкий, Н. В. Глущенко
|
| 225 |
1 |
|
|a Переработка сульфитных щелоков
|
| 320 |
|
|
|a Библиогр.: с. 207 (3 назв.)
|
| 461 |
|
0 |
|0 (RuTPU)RU\TPU\book\213161
|t Сборник трудов Государственного научно-исследовательского института гидролизной и сульфитно-спиртовой промышленности (НИИГС)
|f Государственный научно-исследовательский институт гидролизной и сульфитно-спиртовой промышленности (НИИГС)
|d 1964
|
| 463 |
|
0 |
|0 (RuTPU)RU\TPU\book\213162
|t Том 12
|f под ред. А. И. Козлова
|v С. 204-207
|d 1964
|p 255 с.
|
| 700 |
|
1 |
|a Сапотницкий
|b С. А.
|
| 701 |
|
1 |
|a Глущенко
|b Н. В.
|
| 801 |
|
1 |
|a RU
|b 63413507
|c 20110510
|
| 801 |
|
2 |
|a RU
|b 63413507
|c 20111012
|g RCR
|
| 942 |
|
|
|c BK
|